Datum a čas kvízu

33 Celkem bodů Celkový počet nahraných bodů na tomto kvízu bez doplňovacích otázek.
2. Pořadí na kvízu Konečné umístění týmu na tomto kvízu.

Zaznamenané odpovědi

# Otázka Odpověď Body Výsledky
1. Zdravotní pojišťovny zveřejnil... 0
2. Do prodejny mobilů přišla žena... 1
3. Umělkyně Kateřina Šedá chystá... 0
4. Minulý týden byla vydána další... 1
5. Petr Čech překonal v nedělním... 1
6. V tomto tématu si posvítíme na... 1
7. Které jsou nejrozšířenější jaz... 0.5
8. Největší jezera na světě co do... 0.5
9. Státy USA s největší rozlohou:... 0.5
10. Evropské země podle rozlohy: 1... 0